000 00468nam a22001937a 4500
003 MPLRDC
005 20220104143134.0
008 210129b ||||| |||| 00| 0 eng d
020 _a957-08-0111-5
082 _a857.45 GY-20 v.15 c.2
100 _a高阳
245 _a金缕鞋
_c
250 _a第十七刷
260 _a
_b联合报社
_c1994
300 _b
490 _a高阳作品集. 15
650 _a历史小说
942 _cBK
_o857.45 GY-20 v.15 c.2
999 _c37006
_d36996